Nincs más választás
Elmentve itt :
| Szerző: | |
|---|---|
| Adatforrás: | Meister |
| Forrásdokumentuma: | A Hét. - 43 sz., 1990, 1 p. |
| Nyelv: | magyar |
| Kulcsszavak: | sajtótörténet művelődéstörténet sajtó A Hét |
| LEADER | 00396nab a2200157 i 4500 | ||
|---|---|---|---|
| 001 | bibPRO00004799 | ||
| 008 | 060524s1990 xx hun | ||
| 040 | |a Sz1 | ||
| 041 | |a hun | ||
| 100 | 1 | |a HORVÁTH Andor | |
| 245 | 1 | 0 | |a Nincs más választás |c HORVÁTH Andor |
| 695 | |a sajtótörténet | ||
| 695 | |a művelődéstörténet | ||
| 695 | |a sajtó | ||
| 695 | |a A Hét | ||
| 773 | 0 | |t A Hét. - |g 43 sz., 1990, 1 p. | |